| 000 | 00591nam a2200193Ia 4500 | ||
|---|---|---|---|
| 008 | 170918s9999 xx 000 0 und d | ||
| 020 | _a9780547223254 | ||
| 050 | _bM974pr 2008 | ||
| 100 | _aMurdock, Catherine Gilbert | ||
| 245 | _aPrincess Ben : | ||
| 245 | _bbeing a wholly truthful account of her various discoveries and misadventures, recounted to the best of her recollection, in four parts / | ||
| 245 | _cby Catherine Gilbert Murdock. | ||
| 260 | _aUSA : | ||
| 260 | _bGraphia, | ||
| 260 | _c2008 | ||
| 300 | _a344 pages : | ||
| 300 | _billustrations ; | ||
| 300 | _c20cm. | ||
| 999 |
_c343972 _d343972 |
||